Selecciones del Reader's Digest / (Record no. 2222)
[ view plain ]
| 000 -LEADER | |
|---|---|
| campo de control de longitud fija | 00845nas a2200253 i 4500 |
| 001 - NÚMERO DE CONTROL | |
| campo de control | 2222 |
| 003 - IDENTIFICADOR DE NÚMERO DE CONTROL | |
| campo de control | ES-MaACL |
| 005 - FECHA Y HORA DE LA ÚLTIMA TRANSACCIÓN | |
| campo de control | 20250217134554.0 |
| 007 - CAMPO FIJO DE DESCRIPCIÓN FÍSICA--INFORMACIÓN GENERAL | |
| campo de control de longitud fija | t| |
| 008 - DATOS DE LONGITUD FIJA--INFORMACIÓN GENERAL | |
| campo de control de longitud fija | 950801c1941 xxumr p | 1 |spa d |
| 022 ## - NÚMERO INTERNACIONAL NORMALIZADO PARA PUBLICACIONES SERIADAS | |
| Número Internacional Normalizado para Publicaciones Seriadas | 0037-1246 |
| 080 ## - NÚMERO DE LA CLASIFICACIÓN DECIMAL UNIVERSAL | |
| Número de la Clasificación Decimal Universal | (051) |
| 245 00 - MENCIÓN DEL TÍTULO | |
| Título | Selecciones del Reader's Digest / |
| Mención de responsabilidad, etc. | [dir., Eduardo Cárdenas]. |
| 260 ## - PUBLICACIÓN, DISTRIBUCIÓN, ETC. | |
| Lugar de publicación, distribución, etc. | Pleasantville, New York : |
| Nombre del editor, distribuidor, etc. | The Reader's Digest Association, |
| Fecha de publicación, distribución, etc. | [1941]- |
| 300 ## - DESCRIPCIÓN FÍSICA | |
| Extensión | 24 v. : |
| Otras características físicas | il. ; |
| Dimensiones | 19 cm. |
| 310 ## - PERIODICIDAD ACTUAL | |
| Periodicidad actual | Mensual |
| 362 0# - FECHAS DE PUBLICACIÓN Y/O DESIGNACIÓN SECUENCIAL | |
| Fecha de publicación y/o designación secuencial | T. I [1941]-t. 2, n. 12 (nov. 1941) |
| 500 ## - NOTA GENERAL | |
| Nota general | Publicada hasta feb. 1945 en Pleasentville, desde marzo 1945 a 1952 en La Habana, y desde 1953 en Madrid. |
| 650 #4 - PUNTO DE ACCESO ADICIONAL DE MATERIA--TÉRMINO DE MATERIA | |
| Término de materia o nombre geográfico como elemento de entrada | Revistas de información general. |
| 9 (RLIN) | 16896 |
| 700 1# - ENTRADA AGREGADA--NOMBRE PERSONAL | |
| Nombre de persona | Cárdenas, Eduardo. |
| 9 (RLIN) | 35136 |
| 852 4# - LOCALIZACIÓN | |
| Ubicación | ES-MaACL |
| Número de control de estantería | Hem-863 |
| 866 #0 - MENCIÓN TEXTUAL DE FONDOS--UNIDAD BIBLIOGRÁFICA BÁSICA | |
| Fondos | (1948-1949) 1950-1960. |
| Estatus retirado | Estado de pérdida | Estado de daño | No para préstamo | Colección | Biblioteca de origen | Biblioteca actual | Ubicación en estantería | Fecha de adquisición | Fuente de adquisición | Total de préstamos | Signatura topográfica completa | Código de barras | Visto por última vez | Precio de reemplazo | Tipo de ítem Koha |
|---|---|---|---|---|---|---|---|---|---|---|---|---|---|---|---|
| Periódicos y Revistas | Biblioteca del Ateneo de Madrid | Biblioteca del Ateneo de Madrid | Depósito 1 | 17/01/2008 | Hem-863 | 1002262 | 23/02/2023 | 23/02/2023 | Revista |
